000 01218cam a22003497a 4500
003 CHAP
005 20220329141953.0
008 981027d1996 mx r 00010 spa d
010 _a76457
011 _a77429
020 _a9688343609
035 _a87036
040 _cCHAP
082 0 4 _a029.7
_bN4
100 0 0 _aNegrete, José.
_980722
245 1 0 _aPericia artificial :
_bun aprendizaje constructivista de sistemas expertos
_c/por José Negrete, Pedro Pablo González y Alejandro Guerra
260 _aXalapa, Ver. :
_bUniversidad Veracruzana,
_c1996.
300 _a257 p.
590 _aBATCH-UPD
_b10
_c20130110
_lUCH01
_h0740
590 _aBATCH-UPD
_b10
_c20130110
_lUCH01
_h2353
590 _aBATCH-UPD
_b10
_c20130410
_lUCH01
_h0422
590 _aBATCH-UPD
_b10
_c20130914
_lUCH01
_h0239
590 _aCONVERSION
_b10
_c20130109
_lUCH01
_h1342
650 1 4 _aAlmacenamiento y recuperación de la información.
_94462
650 1 4 _aSistemas de información.
_9106760
700 0 _aGonzález, Pedro Pablo.
_949541
700 0 _aGuerra, Alejandro.
_951168
901 _aBK
905 _aMayto Villalobos S.
942 _cLIBRO
949 _a029.7 N4
_bBC
_cLIBRO
_d33724000708376
_eLIBRO
_gI c/e
_h94304
_i87036
_sb
_t$60.00
999 _c76457
_d76457